000 01161nas a2200385 4500
001 BR0702234
003 BR-BrBNA
005 20231205110740.0
007 ta
008 230509b bl.|||p| |||| 00| 00por d
040 _aBR-BrBNA
_bpor
_cBiblioteca Nacional de Agricultura
041 _a(Pt)
072 _aQ54
100 1 _aHenrique, W.
100 1 _aBeltrame Filho, J.A.
100 1 _aLeme, P.R.
100 1 _aLanna, D.P.D.
100 1 _aAlleoni, G.F.
100 1 _aCoutinho Filho, J.L.v.
100 1 _aSampaio, A.A.M.
245 1 _aAvaliação da silagem de grãos de milho úmido com diferentes volumosos para tourinhos em terminação. Desempenho e caracteristicas de carcaça
650 _aTOURO
650 _aGADO SANTA GERTRUDES
650 _aMILHO
650 _aGRÃO
650 _aSILAGEM
650 _aVOLUMOSOS
650 _aCARCAÇA
650 _aPERFORMANCE
650 _aCOMPOSIÇÃO DE ALIMENTO
650 _aBROMATOLOGIA
773 0 _tRevista Brasileira de Zootecnia (Brazil)
_xISSN 1516-3598
_g(Jan-Feb 2007), v. 36(1) p. 183-190
_wBR0702234
909 _a202311
_bLúcia
_c55
_dLúcia Elande
942 _2AGRIS
_n0
_cANA
999 _c188863
_d188863